| 000 | 00917nam a2200265 a 4500 | ||
|---|---|---|---|
| 001 | BRCA_8347 | ||
| 005 | 20190320210237.0 | ||
| 008 | 150714s1943----sp-a###f##---#001-0#spa-# | ||
| 041 | _aspa | ||
| 044 | _asp | ||
| 050 | 4 |
_aNB801 _b.R3 1943 |
|
| 100 | 1 |
_aRafols, José F. _920894 |
|
| 245 | 1 | 0 |
_aLas cien mejores obras de escultura española _cpor Jose F. Rafols ; nota preliminar de Manuel Gómez Moreno ; prólogo de José María Junoy. |
| 260 |
_aBarcelona _bEdiciones Selectas _c1943 |
||
| 300 |
_a249 p. _bil. (algunas a color), 100 láminas _c28 cm. |
||
| 500 | _aIncluye índice de grabados e índice onomástico | ||
| 500 | _aR77 | ||
| 504 | _aBibliografía p. 17-18 | ||
| 650 | 1 | 4 |
_aEscultura española _vCatálogos _93816 |
| 650 | 1 | 4 |
_aEscultura española _vHistoria _920895 |
| 700 | 1 |
_aGómez Moreno, Manuel _919434 |
|
| 700 | 1 |
_aJunoy, José María _epról. _920896 |
|
| 902 | _aGFM | ||
| 942 |
_2lcc _cB |
||
| 999 |
_c8015 _d8015 |
||